[Event "Llinars del Valles op-B 8th"]
[Site "Llinars del Valles"]
[Date "2015.05.02"]
[Round "4"]
[White "Alcaraz Aguilera, David"]
[Black "Pinazo Serna, Judit"]
[Result "1-0"]
[WhiteElo "1833"]
[BlackElo "1754"]
[PlyCount "57"]
[EventDate "2015.04.11"]
[EventType "swiss"]
[EventRounds "9"]
[EventCountry "ESP"]
[SourceTitle "EXT 2016"]
[Source "ChessBase"]
[SourceDate "2015.10.08"]
[SourceVersion "1"]
[SourceVersionDate "2015.10.08"]
[SourceQuality "1"]

1. b3 e5 2. Bb2 Nc6 3. e3 a6 4. Nf3 e4 5. Nd4 Nxd4 6. Bxd4 d6 7. d3 Bf5 8. Nd2 d5 9. Bb2 Bb4 10. c3 Be7 11. dxe4 dxe4 12. Be2 Nf6 13. 0-0 0-0 14. f3 Qd5 15. fxe4 Bxe4 16. Bf3 Bc5 17. Nxe4 Qxd1 18. Raxd1 Bxe3+ 19. Kh1 Nxe4 20. Bxe4 c6 21. c4 f6 22. Bf5 Rfe8 23. Rd7 b6 24. Rd6 g6 25. Be6+ Kf8 26. Bxf6 h6 27. Bg5+ Kg7 28. Rd7+ Kh8 29. Bf6# 1-0

[Event "Llinars del Valles op-B 8th"]
[Site "Llinars del Valles"]
[Date "2015.04.11"]
[Round "1"]
[White "Pinazo Serna, Judit"]
[Black "Borges de Clasca, Pol"]
[Result "0-1"]
[WhiteElo "1754"]
[BlackElo "1881"]
[PlyCount "80"]
[EventDate "2015.04.11"]
[EventType "swiss"]
[EventRounds "9"]
[EventCountry "ESP"]
[SourceTitle "EXT 2016"]
[Source "ChessBase"]
[SourceDate "2015.10.08"]
[SourceVersion "1"]
[SourceVersionDate "2015.10.08"]
[SourceQuality "1"]

1. e4 d6 2. Nf3 Nf6 3. e5 dxe5 4. Nxe5 g6 5. Bc4 e6 6. d3 Bg7 7. Bg5 Qd4 8. Nf3 Qxb2 9. Nbd2 Bd7 10. Rb1 Qc3 11. Rb3 Qa5 12. 0-0 b5 13. Bxe6 Bxe6 14. Re1 0-0 15. Rb2 Nd5 16. Rb3 Nc3 17. Rxc3 Bxc3 18. Be7 Re8 19. Bc5 Nc6 20. a3 Bg4 21. Rxe8+ Rxe8 22. Nb3 Qa4 23. h3 Re1+ 24. Qxe1 Bxe1 25. Nxe1 Be6 26. Nf3 Bxb3 27. cxb3 Qxb3 28. d4 b4 29. d5 bxa3 30. Bxa3 Qxa3 31. dxc6 Qc3 32. g4 a5 33. h4 Qxf3 34. Kh2 a4 35. h5 a3 36. h6 a2 37. g5 Qf4+ 38. Kh3 a1R 39. f3 Rh1+ 40. Kg2 Qh2# 0-1